000 00894nam a2200205 i 4500
001 136595
003 ES-MaACL
005 20250820100133.0
007 t|
008 070214s1947 sp r ||||1| spa d
100 1 _aSáez, Alfonso.
_9101343
245 1 0 _aRelación de las fiestas que el Colegio Mayor de Santa María de Jesús Universidad Sevilla, hizo en la publicación de un estatuto en que se juró la concepción limpísima de Nuestra Señora sin mancha de pecado original
_b: escribióla en 1617 el Ldo. Alfonso Sáez.
260 _aSevilla :
_bPatronato de Cultura de la Diputación Provincial,
_c1947.
300 _a35 p. ;
_c22 cm.
534 _aReprod. de la ed. de:,
_cSevilla : por Francisco de Lira, 1617.
650 7 _aInmaculada Concepción
_2embne
_9162762
650 4 _aFiestas religiosas-
_zSevilla.
_9172877
852 _aES-MaACL
_j1877-F-2
999 _c136595
_d136595